| 000 | 00626nam a2200205 a 4500 | ||
|---|---|---|---|
| 001 | 0766 | ||
| 005 | 20140414131858.0 | ||
| 008 | 040929s19uu xx 00 eng d | ||
| 020 | _a971-508-031-6 | ||
| 050 |
_aFIL _bT34 1996 |
||
| 100 | _aPacis, Carla M. | ||
| 245 |
_a"There's a snake in the house" : _cStory by Carla M. Pacis ; illustrated by Jo Ann A. Bereber. _bmay ahas sa loob ng bahay / |
||
| 260 |
_aManila : _bAklat Adarna, _c1996. |
||
| 300 | _ap. : ill. ; cm. | ||
| 500 | _aInternational Edition | ||
| 650 |
_aMess _xFiction. |
||
| 650 | _aFilipino stories. | ||
| 650 | _aChildren stories. | ||
| 999 |
_c110540 _d110540 |
||